ბათუმის შოთა რუსთაველის სახელმწიფო უნივერსიტეტის ბიბლიოთეკა

სითხისა და აირის გამოყენებითი მექანიკა : (ბიბ.ჩანაწერი № 41436)

000 -ლიდერი
ფიქსირებული სიგრძის საკონტროლო ველი 01562nam a2200313Ia 4500
001 - საკონტროლო ნომერი
საკონტროლო ველი 8100
003 - საკონტროლო ნომრის იდენტიფიკატორი
საკონტროლო ველი GE_BSU
005 - ბოლო ოპერაციის თარიღი და დრო
საკონტროლო ველი 20200120111519.0
008 - ფიქსირებული სიგრძის მონაცემთა ელემენტები - ზოგადი ინფორმაცია
ფიქსირებული სიგრძის საკონტროლო ველი 181216s2013||||ge |||||||||||||| ||geo||
020 ## - წიგნის საერთაშორისო სტანდარტული ნომერი
International Standard Book Number 9789941434525
040 ## - კატალოგიზაციის წყარო
Transcribing agency GE_BSU
041 ## - ენის კოდი
Language code of text/sound track or separate title geo
080 ## - უნივერსალური ათობითი კლასიფიკაციის ინდექსი
Universal Decimal Classification number 532(075.8)+627.1(075.8) ს–48
100 ## - მთავარი ჩანაწერი - პიროვნების სახელი
Personal name
9 (RLIN) 6234
245 ## - ცნობა სათაურის შესახებ
Title სითხისა და აირის გამოყენებითი მექანიკა :
Remainder of title სახელმძღვ. /
Statement of responsibility, etc გიზო ფარცხალაძე, გოჩა ჩავლეშვილი, ნინო დონდოლაძე [და სხვ.] ; რედ. დავით თავხელიძე.
264 ## - წარმოების, გამოცემის, დისტრიბუციის და სხვა ცნობები
გამოცემის, წარმოების, დისტრიბუციის... ადგილი ბათუმი :
გამოცემის, წარმოების, დისტრიბუციის... სახელწოდება ბათუმის შოთა რუსთაველის სახ.უნ–ტი,
გამოცემის, წარმოების, დისტრიბუციის... თარიღი 2013.
300 ## - ფიზიკური აღწერა
Extent 246 გვ.;
Other physical details 20 სმ.
504 ## - BIBLIOGRAPHY, ETC. NOTE
Bibliography, etc ბიბლიოგრ.: გვ. 240-241.
653 ## - INDEX TERM--UNCONTROLLED
Uncontrolled term სითხის და აირის ჰიდრომექანიკა
700 ## - ADDED ENTRY--PERSONAL NAME
Personal name ფარცხალაძე, გ.
Relator term ავტორი
9 (RLIN) 2253
700 ## - ADDED ENTRY--PERSONAL NAME
Personal name ჩავლეშვილი, გ.
Relator term ავტორი
9 (RLIN) 6235
700 ## - ADDED ENTRY--PERSONAL NAME
Personal name დონდოლაძე, ნ.
Relator term ავტორი
9 (RLIN) 6236
700 ## - ADDED ENTRY--PERSONAL NAME
Personal name ლორია, მ.
Relator term ავტორი
9 (RLIN) 6237
700 ## - ADDED ENTRY--PERSONAL NAME
Personal name სტურუა, მ.
Relator term ავტორი
9 (RLIN) 6238
700 ## - ADDED ENTRY--PERSONAL NAME
Personal name თავხელიძე, დ.
Relator term რედაქტორი
9 (RLIN) 914
710 ## - ADDED ENTRY--CORPORATE NAME
Corporate name or jurisdiction name as entry element ბსუ
9 (RLIN) 6239
942 ## - ADDED ENTRY ELEMENTS (KOHA)
Koha item type წიგნი
Source of classification or shelving scheme
ეგზემპლარები
ჩამოწერის სტატუსი დაკარგული ეგზემპლარის სტატუსი კლასიფიკაციის წყარო ან თაროზე გაწყობის სქემა მითითებული მასალები (აკინძული ტომები ან სხვა ნაწილი) დაზიანების სტატუსი არ გაიცემა მუდმივი მდებარეობა (დაცვის ადგილი) ამჟამინდელი ადგილსამყოფელი თაროზე განთავსების ადგილი შეძენის თარიღი ღირებულება, შესყიდვის ნორმალური ფასი სრული შენახვის შიფრი შტრიხკოდი ბოლო ოპერაციის თარიღი ეგზემპლარის მიმდევრობითი ნომერი (კეტერი?) ფასის ძალაში შესვლის თარიღი ეგზემპლარის სახეობა საჯარო შენიშვნა
  დაკარგული   აქტი #1 20.03. 2022   არ გაიცემა ტექნოლოგიური ფაკულტეტის ბიბლიოთეკა ტექნოლოგიური ფაკულტეტის ბიბლიოთეკა წიგნსაცავი 2018-12-17 5.36 532(075.8)+627.1(075.8) ს–48 7541 2018-12-17 7541 2018-12-17 წიგნი 5 ლ. 39 თ.
            ტექნოლოგიური ფაკულტეტის ბიბლიოთეკა ტექნოლოგიური ფაკულტეტის ბიბლიოთეკა წიგნსაცავი 2018-12-17 5.39 532(075.8)+627.1(075.8) ს–48 7540 2018-12-17 7540 2018-12-17 წიგნი 5 ლ. 39 თ.
            ტექნოლოგიური ფაკულტეტის ბიბლიოთეკა ტექნოლოგიური ფაკულტეტის ბიბლიოთეკა წიგნსაცავი 2018-12-17 5.39 532(075.8)+627.1(075.8) ს–48 7539 2018-12-17 7536 2018-12-17 წიგნი 5 ლ. 39 თ.
            ტექნოლოგიური ფაკულტეტის ბიბლიოთეკა ტექნოლოგიური ფაკულტეტის ბიბლიოთეკა წიგნსაცავი 2018-12-17 5.39 532(075.8)+627.1(075.8) ს–48 7538 2018-12-17 7538 2018-12-17 წიგნი 5 ლ. 39 თ.
            ტექნოლოგიური ფაკულტეტის ბიბლიოთეკა ტექნოლოგიური ფაკულტეტის ბიბლიოთეკა წიგნსაცავი 2018-12-17 5.39 532(075.8)+627.1(075.8) ს–48 7537 2018-12-17 7537 2018-12-17 წიგნი 5 ლ. 39 თ.
            ტექნოლოგიური ფაკულტეტის ბიბლიოთეკა ტექნოლოგიური ფაკულტეტის ბიბლიოთეკა წიგნსაცავი 2018-12-17 5.39 532(075.8)+627.1(075.8) ს–48 7536 2018-12-17 7536 2018-12-17 წიგნი 5 ლ. 39 თ.
            ტექნოლოგიური ფაკულტეტის ბიბლიოთეკა ტექნოლოგიური ფაკულტეტის ბიბლიოთეკა წიგნსაცავი 2018-12-17 5.39 532(075.8)+627.1(075.8) ს–48 7535 2018-12-17 7535 2018-12-17 წიგნი 5 ლ. 39 თ.
            ტექნოლოგიური ფაკულტეტის ბიბლიოთეკა ტექნოლოგიური ფაკულტეტის ბიბლიოთეკა წიგნსაცავი 2018-12-17 5.39 532(075.8)+627.1(075.8) ს–48 7534 2018-12-17 7534 2018-12-17 წიგნი 5 ლ. 39 თ.
            ტექნოლოგიური ფაკულტეტის ბიბლიოთეკა ტექნოლოგიური ფაკულტეტის ბიბლიოთეკა წიგნსაცავი 2018-12-17 5.39 532(075.8)+627.1(075.8) ს–48 7533 2018-12-17 7533 2018-12-17 წიგნი 5 ლ. 39 თ.
            ტექნოლოგიური ფაკულტეტის ბიბლიოთეკა ტექნოლოგიური ფაკულტეტის ბიბლიოთეკა წიგნსაცავი 2018-12-17 5.39 532(075.8)+627.1(075.8) ს–48 7532 2018-12-17 7532 2018-12-17 წიგნი 5 ლ. 39 თ.
            ტექნოლოგიური ფაკულტეტის ბიბლიოთეკა ტექნოლოგიური ფაკულტეტის ბიბლიოთეკა წიგნსაცავი 2018-12-17 5.39 532(075.8)+627.1(075.8) ს–48 7531 2018-12-17 7531 2018-12-17 წიგნი 5 ლ. 39 თ.
            ტექნოლოგიური ფაკულტეტის ბიბლიოთეკა ტექნოლოგიური ფაკულტეტის ბიბლიოთეკა წიგნსაცავი 2018-12-17 5.39 532(075.8)+627.1(075.8) ს–48 7530 2018-12-17 7530 2018-12-17 წიგნი 5 ლ. 39 თ.
            ტექნოლოგიური ფაკულტეტის ბიბლიოთეკა ტექნოლოგიური ფაკულტეტის ბიბლიოთეკა წიგნსაცავი 2018-12-17 5.39 532(075.8)+627.1(075.8) ს–48 7529 2018-12-17 7529 2018-12-17 წიგნი 5 ლ. 39 თ.
            ტექნოლოგიური ფაკულტეტის ბიბლიოთეკა ტექნოლოგიური ფაკულტეტის ბიბლიოთეკა წიგნსაცავი 2018-12-17 5.39 532(075.8)+627.1(075.8) ს–48 7528 2018-12-17 7528 2018-12-17 წიგნი 5 ლ. 39 თ.
            ტექნოლოგიური ფაკულტეტის ბიბლიოთეკა ტექნოლოგიური ფაკულტეტის ბიბლიოთეკა წიგნსაცავი 2018-12-17 5.39 532(075.8)+627.1(075.8) ს–48 7527 2018-12-17 7527 2018-12-17 წიგნი 5 ლ. 39 თ.
            ტექნოლოგიური ფაკულტეტის ბიბლიოთეკა ტექნოლოგიური ფაკულტეტის ბიბლიოთეკა წიგნსაცავი 2018-12-17 5.39 532(075.8)+627.1(075.8) ს–48 7526 2018-12-17 7526 2018-12-17 წიგნი 5 ლ. 39 თ.
            ტექნოლოგიური ფაკულტეტის ბიბლიოთეკა ტექნოლოგიური ფაკულტეტის ბიბლიოთეკა წიგნსაცავი 2018-12-17 5.39 532(075.8)+627.1(075.8) ს–48 7525 2018-12-17 7525 2018-12-17 წიგნი 5 ლ. 39 თ.
            ტექნოლოგიური ფაკულტეტის ბიბლიოთეკა ტექნოლოგიური ფაკულტეტის ბიბლიოთეკა წიგნსაცავი 2018-12-17 5.39 532(075.8)+627.1(075.8) ს–48 7524 2018-12-17 7524 2018-12-17 წიგნი 5 ლ. 39 თ.
            ტექნოლოგიური ფაკულტეტის ბიბლიოთეკა ტექნოლოგიური ფაკულტეტის ბიბლიოთეკა წიგნსაცავი 2018-12-17 5.39 532(075.8)+627.1(075.8) ს–48 7523 2018-12-17 7523 2018-12-17 წიგნი 5 ლ. 39 თ.